00718nam a2200241 a 4500001001300000003000900013005001700022008004100039020001000080082001800090100002400108245003000132260004400162300000900206500003500215505001000250650002900260700002400289902000800313942000700321952013100328999001700459nice12345678IN_TiNIC20260116013841.0050524s1977 newa grp 000 0 eng  ac25000a291.211bCAR2 aCarpenter, J Estlin aTheism in Medieval India. aNew DelhibOriental Books Reprintc1977 a552p aincludes index and biblioraphy2 aIndex aComparative Religion-God1 aCarpenter, J Estlin bSRS cBK 001040708StackRoom-aHMIbHMId2007-07-18g250.00l2o291.211 CAR2p018584r2020-06-05s2020-06-03v250.00w2005-05-24yBK c12813d12813